A motiváció és a juttatások vizsgálata egy vagyonvédelmi cégnél
| Szerző: | |
|---|---|
| További közreműködők: | |
| Dokumentumtípus: | Projektmunka |
| Kulcsszavak: | anyagi ösztönzés jutalmazás monotónia motiváció munkamotiváció |
| Online Access: | http://dolgozattar.uni-bge.hu/60089 |
MARC
| LEADER | 00000nnm a2200000 i 4500 | ||
|---|---|---|---|
| 001 | dolg60089 | ||
| 005 | 20260409145956.0 | ||
| 008 | 260409suuuu hu o 000 hun d | ||
| 040 | |a BGE Dolgozattár Repozitórium |b hun | ||
| 041 | |a hu | ||
| 100 | 1 | |a Czirják Csilla Tímea | |
| 245 | 1 | 2 | |a A motiváció és a juttatások vizsgálata egy vagyonvédelmi cégnél |c Czirják Csilla Tímea |h [elektronikus dokumentum] |
| 516 | |a Project_work | ||
| 520 | 3 | |a A projektmunkám témája a motiváció és jutalmazás egy vagyonvédelmi cégnél, amely országos lefedettséggel bír. A Budapesten dolgozó monoton munkát végző munkavállókra fókuszálva. A témaválasztás oka a nagy szervezeti struktúra jobb megismerése és a személyes érdeklődés, fejlődés miatt szerettem volna jobban megismerni a munkavállalók motivációját és a cég jutalmazási rendszerét. A kutatás interjús megkérdezés által két fókusz csoport jött létre. Az egyik fókuszcsoport a fehér gallérosok, vagyis a szellemi munkát végzők és a másik fókuszcsoport a kék gallérosok, a fizikai munkát végző dolgozók. | |
| 695 | |a anyagi ösztönzés | ||
| 695 | |a jutalmazás | ||
| 695 | |a monotónia | ||
| 695 | |a motiváció | ||
| 695 | |a munkamotiváció | ||
| 700 | 1 | |a Dobó Dr. Róbert |e ths | |
| 856 | 4 | 0 | |u http://dolgozattar.uni-bge.hu/60089/1/Projektmunka_2025.pdf |z Dokumentum-elérés |
| 856 | 4 | 0 | |u http://dolgozattar.uni-bge.hu/60089/2/Titkosi%CC%81ta%CC%81si%20ke%CC%81relem%20Czirja%CC%81k%20Csilla%20Ti%CC%81mea.pdf |z Dokumentum-elérés |
| 856 | 4 | 0 | |u http://dolgozattar.uni-bge.hu/60089/3/KM%20FOSZK%20b%C3%ADr%C3%A1lati%20lap%20Czirj%C3%A1k%20Csilla%20T%C3%ADmea%20DR.pdf |z Dokumentum-elérés |